Computer software cataloging : techniques and examples /

Saved in:
Bibliografiske detaljer
Hovedforfatter: Holzberlein, Deanne
Format: Bog
Sprog:English
Udgivet: New York : Haworth Press, c1986.
Fag:
LEADER 01289nam a2200325 a 4500
001 c000164186
003 CARM
005 19880115000000.0
008 851113r19861985nyua b 001 0 eng
010 |a 85027221 //r862 
019 1 |a 4217417  |z 23918382  |5 LACONCORD2021 
020 |a 0866564772 
035 |a (OCoLC)12946131  |5 LACONCORD2021 
040 |a LC  |b eng  |c LC  |d XNTU 
050 0 0 |a Z695.615  |b .H64 1986 
082 0 4 |a 025.3/49  |2 19 
100 1 |a Holzberlein, Deanne. 
245 1 0 |a Computer software cataloging :  |b techniques and examples /  |c Deanne Holzberlein. 
260 |a New York :  |b Haworth Press,  |c c1986. 
300 |a 83 p. :  |b ill. ;  |c 24 cm. 
500 |a "Has also been published as Cataloging & classification quarterly, volume 6, number 2, winter 1985/86"--T.p. verso. 
500 |a Includes index. 
504 |a Bibliography: p. 75. 
630 0 0 |a Anglo-American cataloguing rules. 
650 0 |a Cataloging of computer programs. 
650 0 |a Cataloging of computer programs  |x Specimens. 
650 0 |a Descriptive cataloging  |x Rules. 
852 8 |b CARM  |h A2:AN38E0  |i C06074  |p 0217791  |f BK 
999 f f |i b856f41b-4391-5851-8550-7994e842cd8d  |s de9e824d-d166-5750-8924-da823befa47a 
952 f f |p Can circulate  |a CAVAL  |b CAVAL  |c CAVAL  |d CARM 1 Store  |e C06074  |f A2:AN38E0  |h Other scheme  |i book  |m 0217791